Miasta w Polsce zakończone na -ą na mapie - Statystyki

Ogólne statystyki
  • Ten quiz został rozwiązany 47 razy
  • Średni wynik to 6 z 8
Odpowiedzi na mapie
Odpowiedzi zakodowano w zielono-czerwonej skali na mapie do tego quizu, zgodnie z poniższymi procentami.
 
Statystyki odpowiedzi
Województwo Miasto % Poprawnych
Kujawsko-pomorskie Nakło nad Notecią
92%
Lubuskie Kostrzyn nad Odrą
90%
Kujawsko-pomorskie Dobrzyń nad Wisłą
74%
Mazowieckie Nowe Miasto nad Pilicą
74%
Mazowieckie Solec nad Wisłą
72%
Mazowieckie Czerwińsk nad Wisłą
69%
Lubelskie Józefów nad Wisłą
67%
Wielkopolskie Grabów nad Prosną
62%
Nie znaleziono quizów pasujących do podanych kryteriów
Rozkład punktacji
Procent ludzi z każdym wynikiem
Percentyl według liczby udzielonych odpowiedzi
Twoja historia wyników
Nie rozwiązałeś tego quizu